Verejná obchodná spoločnosť
Základná charakteristika verejnej obchodnej spoločnosti. Práva a povinnosti spoločníkov. Založenie a vznik spoločnosti. Zrušenie a zánik spoločnosti.
Saved in:
| Main Author: | |
|---|---|
| Format: | Book Chapter |
| Language: | Slovak |
| Subjects: | |
| Tags: |
No Tags, Be the first to tag this record!
|
MARC
| LEADER | 00000naa$a2200000$$$4500 | ||
|---|---|---|---|
| 001 | 0097420 | ||
| 005 | 20231120083105.4 | ||
| 041 | 0 | |a slo | |
| 044 | |a SK | ||
| 245 | 1 | 0 | |a Verejná obchodná spoločnosť |c Jakub Kajba |
| 520 | |a Základná charakteristika verejnej obchodnej spoločnosti. Práva a povinnosti spoločníkov. Založenie a vznik spoločnosti. Zrušenie a zánik spoločnosti. | ||
| 610 | 2 | 0 | |a spoločnosti obchodné |
| 610 | 2 | 0 | |a právo obchodné |
| 610 | 2 | 0 | |a spoločníci |
| 100 | 1 | |a Kajba, Jakub | |